00629cam a2200157 4500008004100000035001200041050002500053100002800078245014400106260006600250300002300316440003400339504002700373650003600400700003500436040525s1987 mx g b 000 0 spa u aa43728000aHD1795 b.M4P54 19871 aPieck Gochicoa, Enrique10aEducación no formal agrícola y modernización en el Estado de México (1940-1980) / cEnrique Pieck Gochicoa, Eduardo Aguado López. aZinacantepec, Edo. de México : bColegio Mexiquense, c1987 a57 hojas ;c28 cm. 0aCuadernos de trabajo ;vNo. 3 aIncluye bibliografía10aAgricultura zMéxico (Estado)10aAguado López, Eduardo coaut.